NPB通算2000安打達成者 - Statistics

General Stats
  • This quiz has been taken 47 times
  • The average score is 26 of 56
Answer Stats
Hint Answer % Correct
2447 坂本勇人
94%
3085 張本勲
89%
2786 王貞治
89%
2901 野村克也
83%
2471 長嶋茂雄
83%
2539 金本知憲
77%
2017 ラミレス
77%
2132 阿部慎之助
74%
2371 落合博満
71%
2339 山本浩二
69%
2150 栗山巧
69%
2097 古田敦也
69%
2090 松井稼頭央
69%
2122 清原和博
66%
2203 新井貴浩
63%
2099 鳥谷敬
63%
2000 福浦和也
63%
2543 衣笠祥雄
60%
2120 小笠原道大
60%
2101 中村紀洋
57%
2067 大島洋平
57%
2186 内川聖一
54%
2157 秋山幸二
54%
2480 立浪和義
51%
2050 和田一浩
51%
2041 小久保裕紀
51%
2566 門田博光
49%
2133 宮本慎也
49%
2108 谷繁元信
49%
2043 浅村栄斗
49%
2045 荒木雅博
46%
2432 石井琢朗
40%
2351 川上哲治
40%
2228 大杉勝男
40%
2167 稲葉篤紀
40%
2020 野村謙二郎
40%
2543 福本豊
37%
2119 前田智徳
37%
2314 榎本喜八
31%
2012 田中幸雄
31%
2271 山内一弘
26%
2204 大島康徳
26%
2038 新井宏昌
26%
2452 土井正博
23%
2173 若松勉
23%
2006 駒田徳広
23%
2274 高木守道
20%
2064 藤田平
20%
2057 有藤通世
14%
2095 松原誠
11%
2062 谷沢健一
11%
2055 加藤英司
11%
2018 柴田勲
11%
2157 広瀬叔功
6%
2081 山崎裕之
6%
2057 江藤慎一
6%
No matching quizzes found
Score Distribution
Percent of People with Each Score
Percentile by Number Answered
Your Score History
You have not taken this quiz